000 00694nam a2200253Ia 4500
003 OSt
005 20220926015435.0
006 a|||||r|||| 00| 0
007 ta
008 220923b |||||||| |||| 00| 0 eng d
020 _a0333981197
037 _cGeneral Book
040 _aRTL
_cRTL
_beng
041 _2eng
_aeng
082 _aX:51, P3
100 _aBrennan Ross ,etc.
_9322285
245 0 _aContemporary strategic marketing .
260 _aNew York
_bPalgrave Macmillan
_c2003
300 _axix,380p
_ccm.
500 _aBibliography chapterwise
650 _aMarketing
_915998
942 _hX:51, P3
_cGB
_2CC
999 _c631544
_d631544